Scream - Filmreihe - Statistiken

Allgemein
  • Dieses Quiz wurde 34 mal gespielt
  • Das Durchschnittsergebnis liegt bei 6 aus 6
Antwortstatistiken
Jahr Titel % Korrekt
2022 Scream
100%
1997 Scream – Schrei!
100%
2000 Scream 3
96%
2011 Scream 4
96%
1998 Scream 2
92%
2023 Scream VI
92%
Keine übereinstimmenden Quizze gefunden
Verteilung der Resultate
Anzahl Personen mit jedem Resultat
Perzentil nach korrekt beantworteten Fragen
Ihre Resultats-Entwicklung
Sie haben dieses Quiz noch nicht gespielt